00281nam a2200097Ia 4500008004100000100002900041245006000070260002800130300000900158650001600167190216s9999||||xx |||||||||||||| ||und|| aGering F W And Halmos Pr 0aElementary Probability Theory With Stochastic Processes bNarosa Pubs Housec1974 a325p aMathematics